000 00846 a2200229 4500
001 62469
005 20260407155917.0
008 260407a1978 arg spa d
003 AR-UNSa-BCEJYS
040 _aAR-UNSa-BCEJYS
_bspa
_cAR-UNSa-BCEJYS
080 _a35
_xAdministración Pública
245 1 0 _aJornadas administrativas del INAP
020 _a978-84-7351-136-0
264 1 _aMadrid :
_bInstituto Nacional de Administración Pública (INAP)
_c1978
300 _a212 p.
_c21 cm.
505 _a1. En torno a una posible reforma de la vigente legislación de los funcionarios civiles del estado - 2.
041 _aspa
942 _cBK
590 _aniveau_biblio:m niveau_hierar:0
100 1 _aJornadas Administrativas del INAP (1º : 1978 ene. : Madrid, España)
700 1 _aInstituto Nacional de la Administración Pública (INAP)
999 _c7663
_d7663